000 00417nmm a2200157Ia 4500
008 251105s9999||||xx |||||||||||||||||und||
041 _aspa
100 _aGarbera, Katherine
245 0 _aY por las noches...
264 _a[Madrid, España] :
_bHarlequin,
_c2012
300 _a160 páginas
490 _a'Luna azul'
650 _aRomance
856 _uhttps://public.digitaliapublishing.com/a/50186
942 _cCF
999 _c99941
_d99941